Využívanie sociálnych sietí zákazníkmi slovenských spoločností, podnikov a organizácií

Využívanie sociálnych sietí zákazníkmi slovenských spoločností, podnikov a organizácií. Analyzovanie tých, ktoré sa využívajú pri získavaní informácií o produktoch v rámci nákupného procesu.

Salvato in:
Dettagli Bibliografici
Autore principale: Ferencová, Martina
Altri autori: Kakalejčík, Lukáš
Natura: Capitolo di libro
Lingua:slovacco
Soggetti:
Tags: Aggiungi Tag
Nessun Tag, puoi essere il primo ad aggiungerne!!

MARC

LEADER 00000nla a2200000 4500
001 0206878
005 20240417075100.7
041 0 |a slo 
044 |a SK 
245 1 0 |a Využívanie sociálnych sietí zákazníkmi slovenských spoločností, podnikov a organizácií  |c Martina Ferencová, Lukáš Kakalejčík 
520 |a Využívanie sociálnych sietí zákazníkmi slovenských spoločností, podnikov a organizácií. Analyzovanie tých, ktoré sa využívajú pri získavaní informácií o produktoch v rámci nákupného procesu. 
610 2 0 |a marketing spoločenský 
610 2 0 |a siete sociálne 
610 2 0 |a komunikácia elektronická 
610 2 0 |a správanie spotrebiteľa 
610 2 0 |a informácie 
610 2 0 |a produkty 
100 1 |a Ferencová, Martina 
700 1 |a Kakalejčík, Lukáš